History by Letter 'W' (Multiple Choice) - Statistics

General Stats
  • This quiz has been taken 9 times
  • The average score is 7 of 10
Answer Stats
Question Answer % Correct
He cut down a tree. Never told lies. George Washington
100%
Luxury hotel in Manhattan, New York City. Opened 1931. Waldorf Astoria
88%
Town on the Jade Bight on Germany's North Sea coast. Wilhelmshaven
88%
Battle in Austria in 1809. A costly but decisive victory for the Corsican. The largest battle in European history up to that time. Battle of Wagram
75%
Famous for its crystal. Waterford
75%
A book about talking rabbits. Watership Down
75%
ACME's best customer. Wile E. Coyote
75%
Bohemian big wheel who led Holy Roman Empire forces in the Thirty Years War. Suspected of treason. Assassinated. Albrecht von Wallenstein
63%
German state. Capital Stuttgart. Baden-Wurttemberg
63%
Claims he gave up his seat to the Big Bopper on a flight in 1959 that was fateful. Waylon Jennings
25%
No matching quizzes found
Score Distribution
Percent of People with Each Score
Percentile by Number Answered
Your Score History
You have not taken this quiz